| 000 | 00454pab a2200169 454500 | ||
|---|---|---|---|
| 008 | 180718b2011 xxu||||| |||| 00| 0 eng d | ||
| 100 | _aMarkan, Rohit | ||
| 245 | _aAn empirical study on employee turnover from five star hotels in India | ||
| 260 | _c2011 | ||
| 300 | _ap.65-79. | ||
| 362 | _aJan-Mar | ||
| 650 | _aEmployees | ||
| 700 | _aMarken, Gangandeep | ||
| 773 | _aIndian Journal of Training and Development | ||
| 908 | _aN | ||
| 909 | _a92395 | ||
| 999 |
_c92395 _d92395 |
||